00438 2200157 4500001002100000005001500021035001900036245005200055100002800107300004100135260004300176082001100219084001700230020002100247990001200268INLIS00000000000300120260410014905$a 0010-0426000092$a Mahmud Punya Cerita /$c Solichatun Desi Manfaati$a Solichatun Desi Manfaati$a 126 hlm : $b ilus ; $c 14.5 x 20.5 cm$a Surabaya :$b Pustaka Media Guru,$c 2018$a 899.221$a 899.221 SOL m$a 978-602-482-583-6$a 489/2022